[Event "Bayern-ch Seniors 25th"]
[Site "Bergen"]
[Date "2013.06.22"]
[Round "9.36"]
[White "Brune, Herwart"]
[Black "Mahrla, Hans"]
[Result "0-1"]
[WhiteElo "1455"]
[BlackElo "1632"]
[PlyCount "28"]
[EventDate "2013.06.15"]
[EventType "swiss"]
[EventRounds "9"]
[EventCountry "GER"]
[SourceTitle "EXT 2022"]
[Source "ChessBase"]
[SourceDate "2021.10.06"]
[SourceVersion "1"]
[SourceVersionDate "2021.10.06"]
[SourceQuality "1"]

1. e4 e6 2. d4 d5 3. Nc3 Nf6 4. e5 Nfd7 5. Bf4 c5 6. b3 cxd4 7. Nce2 Bb4+ 8. c3 dxc3 9. Qd4 Nc6 10. Qd3 Ndxe5 11. Bxe5 Nxe5 12. Qb5+ Nc6 13. Nf3 a6 14. Qa4 b5 0-1